[Event "Qingdao Daily Cup"]
[Site "Qingdao"]
[Date "1999.10.21"]
[Round "7"]
[White "Dao, Thien Hai"]
[Black "Liang, Shuai"]
[Result "1-0"]
[WhiteElo "2543"]
[BlackElo "2411"]
[Annotator "Golod,V"]
[PlyCount "63"]
[EventDate "1999.10.18"]
[EventType "tourn"]
[EventRounds "9"]
[EventCountry "CHN"]
[EventCategory "10"]
[SourceTitle "CBM 074"]
[Source "ChessBase"]
[SourceDate "2000.02.01"]
[SourceVersion "1"]
[SourceVersionDate "2000.02.01"]
[SourceQuality "1"]

1. d4 Nf6 2. c4 e6 3. Nc3 Bb4 4. Qc2 c5 5. dxc5 Bxc5 $5 {Other alternatives
are:} (5... Na6 $5 {See comments to Sjoberg,M-Brynell,S/ Stockholm,1999/CBM 73
(1/2-1/2)(Golod,V)(46)}) (5... O-O $5 {See comments to Sokolov,I-Van der
Sterren,P/Amsterdam,1999/CBM 73(1/2-1/2) (Golod,V)(41)}) ({and} 5... Nc6) 6.
Nf3 Nc6 $5 {Is the main line.Besides black has several options:6...0-0!?;6...
b6;6...d5!?;6...a6!?} ({and} 6... Qb6 $5 {See comments to Miranda,M-Tiviakov,S/
New York,1998/CBM 64(0-1)(Gershon,A) (27)}) 7. Bg5 {Other possibilities are:} (
7. Bf4) (7. a3) ({and} 7. e3) 7... Be7 {Other lines are: 7...Qa5;7...Nd4;7...
h6!? and 7...0-0} 8. e4 $5 (8. e3) ({and} 8. Rd1 {-was checked in the previous
games.}) 8... a6 $6 $146 (8... Qa5 $5 9. Bd2 (9. Rd1 $5 Nxe4 10. Qxe4 Bxg5 11.
Rd5 f5 $8 12. Rxa5 fxe4 13. Rxg5 exf3 14. Rxg7 $14 {Rejfir,J-Muffang,A/Haag,
1928(0-1)(31)}) 9... Qc7 10. Be2 (10. h3 $143 a6 11. Be2 Ne5 $2 (11... O-O $5)
12. Nxe5 Qxe5 13. f4 Qd4 14. e5 Ng8 15. O-O-O $16 {Silman,J-Berube,R/
Philadelphia,1991(1-0) (26)}) 10... O-O 11. O-O d6 12. Rac1 Bd7 13. Rfd1 {
+/=/= Rubinstein,A-Tarrasch,S/Bad Kissingen, 1928(1/2-1/2)(30)(Is the first!!!
game in this variation.)}) (8... d6 $5 9. Be2 (9. Rd1 $5 Qa5 10. Bf4 e5 11. Bd2
Qd8 12. Be2 {+/=/= Taha,M-Islam,M/Singapore,1990(1-0) (44)}) 9... a6 10. O-O
Qc7 11. Rad1 O-O 12. Rfe1 {Vasiliev,V-Kotov,A/Leningrad,1938(1/2-1/2) (37)}) (
8... h6 $5 9. Be3 Ng4 10. Bf4 Bc5 11. Bg3 Qf6 12. O-O-O $14 {Shabtai,R-Dotan,V/
Tel Aviv,1990(1-0)(32)}) (8... O-O 9. Be2 a6 10. O-O d6 $6 (10... Ng4 $6 11.
Bf4 Qa5 12. a3 $14 {[%cal Gb2b4] Schmidt,H-Moller,A/Copenhagen,1998(1-0) (86)})
(10... e5 $5) 11. Rfd1 Qc7 12. Rac1 $14 {Denecke,T-Kalveus,J/Stockholm,1994
(1-0) (35)}) 9. Be2 ({Senselessly:} 9. e5 {in view of:} Ng4 10. Bxe7 (10. Bf4
Qa5 $36 {[%csl Re5]}) 10... Qxe7 11. Qe4 f5 $11) 9... h6 $5 ({Can be
recommended:} 9... e5) ({Dubious:} 9... d6 10. O-O $14 {[%cal Gf1d1,Ga1c1]})
10. Bh4 Nh5 $6 ({Again good enough:} 10... e5 {+/=/=}) 11. Bxe7 Qxe7 12. Qd2
$14 {[%csl Yd2,Rf4][%cal Yd2f4] This move, surely better,than:} (12. O-O Nf4
13. e5 O-O 14. Rad1 f6 {+/=/=}) 12... Qf6 $6 {[%cal Gh5f4]} ({Badly:} 12... e5
$2 {because of:} 13. Nd5 Qd8 14. Nxe5 Nxe5 $140 15. Qc3 $1 $16 {[%csl Gc3,Ge2,
Re5,Rh5][%cal Gc3e5,Ge2h5]} (15. Bxh5 $5)) ({Dubious:} 12... Nf6 {in view of:}
13. e5 $16 Ng4 $140 $6 14. Qf4 f5 $2 (14... h5 $8) 15. h3 g5 16. Qg3 $18 {
[%csl Rg4]}) ({In my opinion slightly better is:} 12... g5) 13. g3 {[%csl Yg3]
[%cal Yg3f4]} g5 $6 {Black blundered,because he didn't see 17.Kd1,but it's
difficult to find a good recommendation.} (13... O-O {is refuted by:} 14. Nh4 {
[%csl Rh5]} g5 (14... g6 $2 15. Qxh6) (14... Qe5 $2 15. f4 Qc5 16. e5 $18 {
[%csl Rh5]}) 15. Bxh5 gxh4 $16) (13... g6 14. Rd1 {+/=/+/-}) ({Probably better
is:} 13... Rb8 {with the idea b5(פf3)}) 14. h4 $140 $1 $16 {[%csl Rg5]} g4 $2
({Much better is:} 14... gxh4 15. Rxh4 Ng7 16. Rd1 $16) 15. Nh2 Ne5 16. Nxg4
Nf3+ ({Loses right away:} 16... Qf3 {in view of:} 17. Rg1 {[%csl Ye5,Rf3][%cal
Yg4e5]}) 17. Kd1 $1 {[%csl Rf3,Rf6][%cal Yf6f3]} Nxd2 $8 18. Nxf6+ Nxf6 19.
Kxd2 $18 {White has a pawn up and absolutely winning position.} d6 20. g4 $5 {
/\g5 and so on.} Rg8 21. Rag1 Nh7 $6 {More stubborn resistance after:21...Ke7
or 21...b6} 22. g5 $1 {[%csl Rh7]} hxg5 23. hxg5 Rxg5 $2 {Again tactical
blunder.} ({It is necessary:} 23... Nf8) ({or} 23... Rg7) 24. Rxg5 Nxg5 25. f4
{[%csl Rg5] The rest it is of no importance.} Nxe4+ 26. Nxe4 Ke7 27. Ke3 e5 28.
Rd1 Be6 29. Nxd6 exf4+ 30. Kxf4 Rd8 31. Nf5+ Ke8 32. Ng7+ 1-0

[Event "NED-ch59"]
[Site "Leeuwarden"]
[Date "2004.07.09"]
[Round "9"]
[White "Bosboom, Manuel"]
[Black "Tiviakov, Sergei"]
[Result "1/2-1/2"]
[WhiteElo "2422"]
[BlackElo "2593"]
[Annotator "Golod,V"]
[PlyCount "84"]
[EventDate "2004.06.30"]
[EventType "tourn"]
[EventRounds "9"]
[EventCountry "NED"]
[EventCategory "12"]
[SourceTitle "CBM 102"]
[Source "ChessBase"]
[SourceDate "2004.09.23"]
[SourceVersion "1"]
[SourceVersionDate "2004.09.23"]
[SourceQuality "1"]

1. d4 Nf6 2. c4 e6 3. Nc3 Bb4 4. Qc2 c5 5. dxc5 Bxc5 6. Nf3 Qb6 7. e3 Qc7 8.
Bd2 $5 {Also repeatedly were checked up in previous games:} (8. Bd3 {See
comments to game: Miranda,M-Tiviakov,S/New York,1998/CBM 64(0-1)(Gershon,A)(27)
}) (8. a3 $5 {See annotations to Arlandi,E-Gurevich,M/Linares,1995/CBM 51(1/
2-1/2)(Gurevich,M)(41)}) (8. b3 $5 a6 (8... b6 $5 {You can see my annotations
to game: Kiriakov,P-Tiviakov,S/Port Erin,1999/CBM 74(1-0)(34)}) 9. g4 {
Interestingly,that in this position,this move is applied for the first time.
For further information,you can see my comments to Bareev,E-Sakaev,K/Moscow,
2001/CBM 86(1-0)(26)}) (8. Be2) ({and} 8. g4 $5) 8... b6 {Besides Black has
two main alternatives:} (8... a6 $5 {See comments to game: Stohl,I-Berzinsh,R/
Olomouc,1997/CBM 61(1-0)(Finkel,A)(28)}) ({and} 8... O-O $5 {See comments to
Lerner,K-Sokolov,A/USSR (ch),1989/Inf 48/745(1-0)(35)}) 9. O-O-O $5 $146 {
White have hidden the king and now can quietly begin game on centre and king
side.} ({The games,which have reached this position were continued as follows:
} 9. Ne4 Be7 10. Bc3 Bb7 11. Nxf6+ Bxf6 12. Bxf6 gxf6 13. Qc3 $5 (13. Be2 Nc6
14. O-O-O Ke7 15. Rd2 Nb4 16. Qb3 {1/2-1/2 Gelfand,B-Tiviakov,S/Wijk aan Zee,
1996(16)}) 13... Ke7 14. Be2 Nc6 15. O-O Rhg8 16. g3 h5 17. Nh4 {+/=/= Schmidt,
W-Stempin,P/Warsaw,1990(1-0)(64)}) ({or} 9. Bd3 Bb7 10. Ne4 Be7 11. Bc3 Nc6 12.
Nxf6+ gxf6 13. O-O-O Nb4 14. Bxb4 Bxb4 15. Kb1 f5 $11 {Belov,V-Zhang Zhong/
Playchess.com INT,2004(0-1)(42)}) 9... a6 {><b5 It's rather difficult to
continue a game without this move.} 10. Be2 (10. Bd3 $5 {/\Kb1 and Ne4}) (10.
Ne4 $143 Nxe4 11. Qxe4 f5 12. Qh4 (12. Qxa8 $2 Bb7 13. Qxb7 (13. Qa7 $143 Nc6)
13... Qxb7 $17) 12... O-O {with convenient game for Black.}) 10... Bb7 {
Black correctly are afraid to make castle in the short party.} 11. Rhg1 Nc6 ({
In this position I can recommended the strange positional decision:} 11... h5
$5 {but, all the same, this move is directed against progress "g4".}) 12. g4
O-O-O (12... Nb4 13. Qb1 h6 14. a3 Nc6 15. h4 $36) (12... h6 $5 13. h4 O-O-O
14. g5 hxg5 15. hxg5 Ne8 {+/=/=}) 13. g5 Ne8 14. Kb1 $14 Kb8 15. a3 {><b4 It's
important preventive move.} Be7 16. Na4 {[%csl Rb6] White have found a weak
point in camp of the contender.} Na7 {Black wants to improve a position of his
knights.} (16... Ne5 $2 17. Nxe5 Qxe5 18. Nxb6 (18. Bc3 $5 Qxh2 19. f4 $36)
18... Qxh2 19. Ba5 $36) 17. Nd4 $5 {It's the most logical reaction to the
previous move of Black.} (17. Qb3 Nc8 18. Bc3 {/\Bd4(קb6)} d6 19. Bd4 Ka7 {
+/=/=}) (17. h4 $143 Nd6 {[%csl Rb1,Rc2,Ye2,Rf3][%cal Gb7e4]} (17... Rc8 $6 18.
Qb3) 18. Rg4 $140 $6 b5 $1 19. cxb5 Be4 $1 20. Rxe4 Qxc2+ 21. Kxc2 Nxe4 22.
bxa6 Nxf2 23. Rf1 Ne4 $15) 17... Nd6 ({It was very dangerously:} 17... Qxh2 $6
{in view of:} 18. Nxb6 Qxf2 $140 19. Rgf1 $36) 18. Bb4 Ndc8 {Basically,the
correct direction of actions - than is less pieces,the less problems.} 19. Bxe7
Nxe7 20. Qb3 Nac8 21. Rc1 {<->c} (21. f4 $5 $14) 21... Nc6 22. Bf3 $6 (22. Rg3
$142 $14) 22... g6 $6 {Black did not use discrepancy of the contender:} (22...
Qxh2 $5 23. Nxb6 $5 (23. Bxc6 dxc6 24. Nxb6 c5 25. Nc2 (25. Nxc8 $2 cxd4 26.
Nb6 Qxf2 27. Rgf1 Qxe3 28. Qxe3 dxe3 29. Rxf7 Be4+ $15) 25... Nxb6 (25... Qxf2
$2 26. Rgf1 {/\27.Rxf7}) 26. Qxb6 Qd6 27. Qb3 $11) 23... Nxd4 24. exd4 Bxf3 25.
Nxc8+ (25. Na4+ $2 Bb7 26. Nc5 Nd6 27. Qb6 {/\Na6+ or Rg3} Rc8 {/\Rc6} 28.
Nxa6+ Ka8 29. Nc7+ Rxc7 $1 30. Qxc7 Rc8 31. Qxd7 $140 Bc6 32. Qe7 Nxc4 $1 $15)
25... Bb7 (25... Kxc8 $2 26. Qxf3 $16 {[%csl Ra6,Rc8,Rf7][%cal Gf3a8,Gf3f7]})
26. Nb6 Qxf2 27. Rgf1 Qxd4 28. Rcd1 Qe4+ 29. Ka2 $44) ({or} 22... Nxd4 $5 23.
exd4 Bxf3 (23... Qxh2 $6 24. Bxb7 (24. Nxb6 $143 {the same position with
rearrangement of moves also it is possible to receive,after 22...Qxh2 23.Nxb6
Nxd4 24.exd4}) 24... Kxb7 25. Qf3+) 24. Qxf3 Qc6 $11) 23. h4 h6 {It's
necessary to open <-> h for the black's R and also to get rid of weakness "h7".
} 24. Bxc6 $1 Bxc6 ({Leads to benefit of the contender:} 24... dxc6 25. c5 b5
26. Nc3 hxg5 27. hxg5 e5 28. Nde2 Rh2 29. Ne4 $14) 25. c5 b5 (25... Bxa4 $2 26.
Qxa4 bxc5 $140 27. Qxa6 $16) 26. Nc3 hxg5 27. hxg5 {+/=/=} Bb7 (27... Rh2 $6
28. a4 Rxf2 29. axb5 axb5 30. Ndxb5 Qb7 31. Qb4 Rh8 (31... Na7 $2 32. Qh4 $1 {
[%csl Rb8,Rf2][%cal Gh4f2,Gh4g3,Gg3b8]}) 32. Rcf1 {+/=/+/-}) {Previous move of
Black, is directed against "a4 ",but nevertheless:} 28. a4 (28. Rgd1 $143 Qxc5
29. Ncxb5 Qb6 $1 $11) 28... Qxc5 29. axb5 axb5 30. Ndxb5 ({Hardly it was
better:} 30. Ncxb5 Qb6 31. f4 Be4+ 32. Ka1 d6 {עa1 ~~}) 30... Rh4 $1 {[%csl
Yh4][%cal Yh4b4] The rook,at cases,will be thrown on protection of his king.}
31. Nd4 e5 (31... Qb6 $5) 32. Nf3 (32. Nde2 $143 Nd6 $5 (32... d5 $6 33. Ne4
Qa5 34. Nc5 Rb4 35. Qc3 $36 d4 $140 $2 36. Nxb7 dxc3 37. Nxa5 Rxb2+ 38. Ka1
Rxe2 39. Nc6+ Kc7 40. Rxc3 $1 $18 {[%csl Rc7,Rd8,Re2][%cal Gc6d8,Gc6d4,Gg1d1]})
33. Rgd1 $140 Rb4 $132) 32... Rb4 {Black have calculated precisely all
consequences of this move.} 33. Qa3 (33. Qxf7 $2 Rf8 34. Na2 (34. Qxg6 $143
Rxf3) 34... Be4+ 35. Ka1 Qxc1+ (35... Rxf7 $4 36. Rxc5) 36. Rxc1 Rxf7 37. Nxe5
$8 Ra4 $1 38. Nxf7 $140 Bd5 39. Ne5 (39. b3 $2 Bxb3 40. Rb1 $140 $4 Rxa2#)
39... Rxa2+ 40. Kb1 Ra7 $17 {[%csl Ya7,Yd5][%cal Yd5e4,Ya7d7]}) 33... Rc4 34.
Nd2 Qxa3 35. bxa3 {After exchange of the queens,White can expect only on
minimal positional advantage.} Rh4 (35... Rc7 $5) (35... Rc6 $5) 36. Nb3 Nb6
37. Na5 Ba8 38. Rgd1 Rc8 {<->c The Black pieces are consolidated and now it
will be complex to ram their position.} 39. Rd6 (39. Rd2 $5 {/\Rb2}) 39... Nc4
40. Nxc4 Rhxc4 41. Kb2 Bc6 {In this position I would accept the following
decision:} (41... R8c7 $5) 42. Rf6 Rg4 {From my point of view,Manuel Bosboom
in a final position,could check up the contender on achievement of equality:} (
42... Rg4 43. Rxf7 Rxg5 44. e4 Rg4 $1 (44... Kc7 $6 45. Nd5+ (45. Nb5+ $143 Kb6
(45... Kd8 $4 46. Rf8+ Ke7 47. Rxc8 Bxb5 48. Kc3 $18) 46. Nd6 Ra8 47. Rc3 Kc7
48. Rf6 Rb8+ 49. Kc2 Rg1 $132) 45... Kb7 46. Nf6 Rd8 47. Rd1 Kc7 48. Kc3 Rg2
49. Nd5+ $14) 45. Rd1 g5 {/\Rf4=}) 1/2-1/2

[Event "EU-ch 4th"]
[Site "Istanbul"]
[Date "2003.06.01"]
[Round "3"]
[White "Arlandi, Ennio"]
[Black "Naiditsch, Arkadij"]
[Result "1-0"]
[WhiteElo "2456"]
[BlackElo "2588"]
[Annotator "Golod,V"]
[PlyCount "63"]
[EventDate "2003.05.30"]
[EventType "swiss"]
[EventRounds "13"]
[EventCountry "TUR"]
[SourceTitle "CBM 096"]
[Source "ChessBase"]
[SourceDate "2003.09.25"]
[SourceVersion "1"]
[SourceVersionDate "2003.09.25"]
[SourceQuality "1"]

1. d4 Nf6 2. c4 e6 3. Nc3 Bb4 4. Qc2 c5 5. dxc5 Qc7 6. Nf3 Bxc5 7. g3 Qb6 8. e3
Be7 9. Bg2 $5 {Comments to this part of the game(5-8 moves) and also:} (9. b3 {
You can find in annotations to game: Alterman,B-Yudasin,L/ISR,2000/CBM 77(0-1)
(Golod,V)(40)}) 9... d6 ({On:} 9... a6 $5 10. O-O Qc7 11. b3 {you can find
three games in Mega Database 2003.}) 10. O-O a6 11. b3 Qc7 12. Nd4 $1 $146 {
White prevent a progress "b6"(/\Bb7) and take under control /^a8-h1.} ({
Usually the games,which have reached this position were continued as follows:} 
12. Bb2 Nbd7 (12... b6 $143 {(this variant,already was met in a game by the
same contenders!!!)} 13. Rac1 (13. Ne4 $5 $36) 13... Bb7 14. h3 Nbd7 15. e4 O-O
16. Nd4 Rac8 $11 {Arlandi,E-Naiditsch,A/Budapest,2000(0-1)(54)}) 13. Ng5 Rb8
14. Rac1 ({After:} 14. Nge4 {with rearrangement of moves we receive a position
from a game: Alterman,B-Yudasin,L/ISR,2000/CBM 77(0-1)(40)}) 14... O-O (14...
b6 $5 15. Rfd1 Bb7 16. Nce4 Nxe4 17. Nxe4 f5 18. Nc3 Bxg2 19. Kxg2 Qc6+ 20. f3
Ne5 21. Rf1 Bg5 $132 {Brglez,R-Petrosian,A/Ptuj,1998(0-1)(64)}) 15. Rfd1 b6 16.
Nce4 Nxe4 17. Nxe4 Bb7 18. Qc3 $11 {1/2-1/2 Khalifman,A-Akopian,V/Las Vegas,
1999(18)}) 12... Nbd7 $6 {In my opinion,it's doubtful decision.} ({Also
dubiously:} 12... Nc6 {because of:} 13. Nd5 $36 {[%csl Gc2,Rc7]}) ({It
deserves attention:} 12... Ra7 $5 {/\b6 and Bb7} 13. a4 $1 (13. Ndb5 $6 axb5
14. Nxb5 Qb6 15. Nxa7 Qxa7 $13) 13... b6 14. a5 bxa5 15. Qa2 d5 $1 $13) ({and} 
12... O-O) 13. Bb2 $14 Rb8 {All the same pawn "b7" will not move from a place 
(><c6).} 14. Qe2 $5 {[%csl Ga1,Rc2,Gc7][%cal Yc2e2,Ga1c1] /^a6-f1;><b5} (14. e4
$143 b6 15. Rad1 O-O 16. f4 Bb7 $132 {with standard position of this variant.})
14... O-O 15. g4 $1 {[%cal Gg4g5] () The game of White corresponds to the
requirements of a position.} Ne5 ({Senselessly:} 15... Nb6 {[%cal Gd6d5]
because of:} 16. g5 Nfd7 17. f4 $36) 16. g5 Ne8 17. f4 {[%csl Ge3,Gf4,Gg5]} Nc6
18. Nf3 $1 {White has a big advantage in space,therefore does not have sense
to exchange the knights.} b5 $5 {Black had no other worthy alternative.} 19.
cxb5 axb5 20. Nxb5 Qb6 {[%cal Gc8a6]} (20... Qd7 $143 {[%cal Gc8a6]} 21. Nbd4
$16) 21. Rfc1 {[%csl Rc6]} Ba6 22. a4 $16 d5 23. Nfd4 {Last moves were made
according to the standard chess norms.} Na7 $6 ({Is a possible continuation of
the play:} 23... Nxd4 24. Bxd4 Qd8 {[%cal Ge8d6]} 25. Rc6 Bxb5 26. axb5 Nd6
$140 27. Be5 {[%csl Rb8]} Rb7 28. Qb2 {[%csl Rg7]} Ne8 (28... f6 $6 29. gxf6
gxf6 30. Bxd6 Bxd6 31. Raa6 {[%csl Ga6,Gc6,Rd6,Re6]}) 29. Bf1 $16) 24. Bf1 Nd6
({Hardly is better:} 24... Nxb5 25. axb5 Bb7 26. Nc6 Bxc6 27. Rxc6 Qd8 28. Qc2
{[%csl Ya1,Yb2,Gb5,Yc2,Yc6,Yf1]}) {[%tqu "En","Please enter the best move for
White.","","","e2e1","",0,"d4e6","",10]} 25. Qe1 $2 {Ennio Arlandi missed an
excellent opportunity to receive a material advantage:} (25. Nxe6 $1 fxe6 $140
(25... Bxb5 $143 26. axb5 fxe6 27. Bd4 {[%csl Ra7]}) 26. Bd4 Qd8 (26... Qb7 $2
27. Nxd6 Bxe2 28. Nxb7 Bxf1 29. Rc7 $18 {[%csl Ra7,Re7,Rf1]}) 27. Bxa7 Bxb5 28.
axb5 Rb7 (28... Rxb5 $2 29. Qg4 {[%csl Rb5,Re6]} Rxb3 30. Qxe6+ Nf7 31. Bg2 $18
{[%csl Rd5]}) 29. b6 {+/-/+-}) 25... Bxb5 {This move is much better,than:} (
25... Naxb5 $2 26. Nc6 {[%csl Rb5,Rb8,Gc6,Re7]} Nf5 (26... Rb7 27. axb5 Nxb5
28. Kg2 $16 {[%csl Rg1,Yg2][%cal Gg1g2]}) 27. Nxb8 {[%csl Rb6,Rf8][%cal Gb8d7]}
Rxb8 28. axb5 Bxb5 29. Be5 $1 Nxe3 $140 $2 30. Bc7 {[%csl Rb6,Re3][%cal Yb6e3]}
Nc2+ (30... Qd4 31. Qf2 $18 {[%csl Rb5,Rb8,Rg8]}) 31. Bxb6 Nxe1 32. Bxb5 Nf3+
33. Kh1 $18 {[%csl Rg8]}) ({or} 25... Ndxb5 $2 26. axb5 Bb7 (26... Bxb5 $143
27. Rxa7 {[%csl Rb5,Re7]}) (26... Nxb5 $143 27. Ra5 $1 {[%csl Ga5,Ra6,Rb5]
[%cal Ga5b5,Ga5a6]} Nc7 28. Rc6 $18 {[%csl Ra6]}) 27. Qa5 Qxa5 (27... Nc8 $143
28. Qxb6 Nxb6 29. Nc6 {[%csl Rb8,Re7][%cal Ga1a7]}) 28. Rxa5 Nc8 29. Kf2 Nd6
30. Bd3 {+/-/+-}) 26. axb5 Ndxb5 $6 ({Can be recommended:} 26... Naxb5 $1 27.
Nc6 (27. Rc6 $2 Nxd4 28. Rxb6 Nf3+ 29. Kf2 Nxe1 30. Rxb8 Rxb8 31. Kxe1 Nf5 $15
{[%csl Rb3,Re3]}) 27... Rb7 28. Bd3 {+/=/=}) 27. Ra5 Nd6 (27... Nc7 $2 28. Rxa7
{[%csl Re7][%cal Gd4c6]} Bb4 29. Bc3 Bxc3 30. Qxc3 Qxa7 31. Qxc7 {+/-/+-}) 28.
Ba3 Ndc8 $4 {It already decisive mistake.} ({It was necessary:} 28... Rbc8 $5
29. Ra6 (29. Bc5 $143 Rxc5 30. Rcxc5 (30. Raxc5 $143 Nf5 $132 {[%csl Rc5,Rd4]})
30... Nb7 $1 {[%csl Ra5,Gb7,Rc5][%cal Gb7a5,Gb7c5]} (30... Ne4 $6 31. Rc2 Bb4
32. Ra6 Qxa6 33. Qxb4 Qa1 (33... Qd6 34. Qxd6 Nxd6 35. Rc7 $16) 34. Qa4 $1 Qxa4
35. bxa4 $16) (30... Nf5 $6 31. Rxd5 {[%csl Rf5]} Bb4 (31... Nxd4 $6 32. Rxd4
Nc6 33. Ra6 Nxd4 34. Rxb6 Nf3+ 35. Kf2 Nxe1 36. Rb7 (36. Kxe1 $2 Bc5 {[%csl
Rb6,Re3]}) 36... Bc5 37. b4 $1 $16 {[%csl Rc5,Re1]}) 32. Ra6 Nxd4 (32... Qxa6
$2 33. Qxb4 Qc8 34. Nxf5 {[%csl Rc8,Rg8][%cal Gf5e7]} exf5 35. Qc5 $18) 33. Qd1
$1 {[%csl Rb6,Rd4]} (33. Rxd4 $6 Qxd4 34. exd4 Bxe1 35. Rxa7 Rd8 $13 {[%csl
Rd4,Rf4]}) 33... Nf3+ 34. Kf2 Qb8 35. Rd7 {[%csl Ra7,Rf3]} Nxh2 36. Raxa7 $16)
31. Rxd5 $1 exd5 32. Ra6 Qc5 33. b4 Qxb4 34. Qxb4 Bxb4 35. Rxa7 $14) 29... Rxc1
(29... Qb8 $4 30. Ra1 $18 {[%csl Ga1,Ga6,Ra7][%cal Ga3d6]}) 30. Qxc1 Qb8 {
[%cal Yb8a7,Yb8d6]} 31. Bd3 {+/=/+/-} Rc8 $140 $2 32. Qa1 {[%csl Ga1,Ga6,Ra7]
[%cal Ga3d6]}) 29. Bxe7 Nxe7 30. Ra6 Qb7 $8 31. Qa5 {[%cal Gc1c7]} Nac8 (31...
Nec8 $142 32. Rc7 Qb4 (32... Qa8 $2 33. Rcxa7 Nxa7 34. Rxa7 {[%csl Ra8]}) 33.
Qxb4 Rxb4 34. Bd3 $18 {[%csl Ra7,Rc8][%cal Gh2h4,Yg1f2,Yf2e2,Ye2d2] the king
approaches to point "d2" and White gradually win this position.}) 32. Bb5 $1
$18 {[%csl Rb7][%cal Gc1c7]} (32. Bb5 {After this move Black resigns,because
of next variants:} Nb6 (32... Nd6 33. Rc7 Qxb5 34. Nxb5 Rxb5 35. Qa3 {[%csl
Rd6,Re7]}) 33. Ra7 Rfc8 34. Rd1 $18 {[%csl Rb7]} Ra8 35. Rxb7 Rxa5 36. Rxe7)
1-0